000 00397nam a2200145 4500
999 _c509970
_d509970
008 190711b ||||| |||| 00| 0 eng d
100 _aChhina, S.S
_96927
245 _aNew procurement policy for enhancing farmers' income
260 _c2019
300 _ap.12-14.
650 _aAgriculture - procurement - policy
_96928
773 _aKurukshetra
906 _aFarm income
942 _2ddc
_cAR